000 00565npc a2200205Ia 4500
001 dp4/2-154 [d000000036]
003 IT-MiCISF
008 161014s9999||||xx | und||
040 _aIT-MiCISF
_cIT-MiCISF
041 _ait
100 _aDucoli Maffeo
245 0 _aFamiglia: scelta di amore e proposta educativa
_bLettera pastorale.
250 _a1a ed.
260 _aBelluno-Feltre
_bDiocesi di Belluno-Feltre
_c1989
300 _ap. 4
500 _a / famiglia, valori, amore /
650 _afamiglia
942 _cDD
957 _71
999 _a154
_bsi
_g1
_c206840
_d206840